000 00409nam a2200121Ia 4500
008 200626s9999 xx 000 0 und d
020 _a978-0-9581605-3-7
100 _aIland, Patrick
245 _cPatrick Iland, Peter Gago, Andrew Caillard, Peter Dry.--
_aA taste of the world of wine/
260 _aAustralia :
_bPatrick Iland Wine Promotions Pty Ltd
_c2009
300 _a209 pages
500 _aIncludes Index
999 _c363867
_d363867